000 00809nam a2200265 i 4500
001 9971
003 ES-MaACL
005 20250804062640.0
007 t|
008 940623s1991 xxk ||||1| eng d
020 _a0-14-018521-6
080 _a82.0(73)-311.2"19"
080 _a82.0(73)(Kerouac,J.7 O.01)
100 1 _aKerouac, Jack,
_d1922-1969
_eaut
_9240046
245 1 0 _aOn the Road /
_cJack Kerouac ; introduction by Ann Charters.
260 _aLondon :
_bPenguin Books,
_c1991.
300 _aXXXIII, 310 p. ;
_c20 cm.
490 1 _aPenguin twentieth-century classics
655 0 _aNovelas
_9234319
700 0 _aCharters, Ann
_938138
_eaui
830 0 _aPenguin twentieth-century classics
_9178617
852 _aES-MaACL
_jL-17518
_bR.121795
942 _2udc
999 _c9971
_d9971